| 000 | 01273cab a2200277 4500 | ||
|---|---|---|---|
| 001 | ABS56610 | ||
| 008 | 090401t1997 xxu||||| |||| 00| 0 eng d | ||
| 035 | _a(Sirsi) u24831 | ||
| 041 | _aeng | ||
| 245 | _aMoore and others v Escalus Properties Ltd | ||
| 260 | _c1997 | ||
| 350 | _a0 | ||
| 490 |
_aEstates Gazette _v[1997] 07 EG 149-152(4) |
||
| 520 | _aLVT 30 July 1996. M sought the determination of the price payable for the acquisition of the freehold of a block of 3 flats, they claimed a value of £950 - based on the price of £750 paid by the present landlord in 1993. E argued for £3,655 contending its investment in a ground rent was valued not only on the ground rent but on insurance commission, benefits of management and subsidiary income. "Decision" price was £1,885 based on a capitalisation rate of 11%. | ||
| 650 | _aDETERMINATION OF PRICE | ||
| 650 | _aFREEHOLD REVERSION | ||
| 650 | _aGROUND RENTS | ||
| 650 | _aINSURANCE COMMISSION | ||
| 650 | _aLEASEHOLD ENFRANCHISEMENT | ||
| 650 | _aLEASEHOLD REFORM, HOUSING AND URBAN DEVELOPMENT ACT 1993 | ||
| 650 | _aMOORE AND OTHERS V ESCALUS PROPERTIES LTD | ||
| 650 | _aOPEN MARKET VALUE | ||
| 690 | _aLANDLORD AND TENANT-CASE LAW-LEASEHOLD REFORM | ||
| 942 | _n0 | ||
| 948 | _c04/03/1997 | ||
| 999 |
_c16657 _d16657 |
||